Statistisches Jahrbuch 1982 für die Bundesrepublik Deutschland
Guardado en:
| Formato: | Libro |
|---|---|
| Lenguaje: | alemán |
| Publicado: |
Wiesbaden
Statistisches Bundesamt
1982
|
| Etiquetas: |
Sin Etiquetas, Sea el primero en etiquetar este registro!
|
MARC
| LEADER | 00000nam a2200000 4500 | ||
|---|---|---|---|
| 001 | c136608 | ||
| 005 | 20041019155307.6 | ||
| 041 | 0 | |a ger | |
| 044 | |a DE | ||
| 245 | 1 | 0 | |a Statistisches Jahrbuch 1982 für die Bundesrepublik Deutschland |
| 264 | 1 | |a Wiesbaden |b Statistisches Bundesamt |c 1982 | |
| 300 | |a 780 s. | ||